000 00859cam a2200217 4500
001 ABS61461
008 000000n1999 000 0 eng u
035 _a(Sirsi) u100812
245 _aNitrates in agriculture: part II - the law
260 _c1999
490 _aFarm Law
_v(46) September 1999, 8-12(5)
520 _aLooks at the legislation controlling the use of nitrates which serves to meet two objectives: 1) to address the fears, real or perceived, of the threat which the use of nitrates has for the health of consumers; 2) to minimise any adverse consequences that nitrates may have on the environment.
590 _aABS
650 _aNITRATES
650 _aNITRATE SENSITIVE AREAS
650 _aWATER RESOURCES ACT 1991 S93
650 _aEUROPEAN DIRECTIVE 91/676/EEC
650 _aAGRICULTURE
690 _aRURAL PRACTICE
942 _n0
999 _c60236
_d60236